Vlastnosti energetického odpadu - popola : využitie technológií pre environmentálne nakladanie

Enregistré dans:
Détails bibliographiques
Auteurs principaux: Michalíková, Františka (Auteur), Floreková, Ľubica (Auteur), Benková, Marta (Auteur)
Format: Livre
Langue:slovaque
Publié: Košice : Technická univerzita v Košiciach, 2003
Édition:1. vyd
Sujets:
Tags: Ajouter un tag
Pas de tags, Soyez le premier à ajouter un tag!

MARC

LEADER 00000nam a22000003a 4500
001 stu179020
005 20150617230046.6
008 090130s2003----xo------------------slo-d
020 |a 80-8073-054-7 
040 |a STU  |b slo 
041 0 |a slo 
044 |a xo 
100 1 |a Michalíková, Františka  |4 aut 
245 1 |a Vlastnosti energetického odpadu - popola :  |b využitie technológií pre environmentálne nakladanie 
250 |a 1. vyd 
260 |a Košice :  |b Technická univerzita v Košiciach,  |c 2003 
300 |a 226 s 
650 7 |a energetický odpad  |2 stusub 
650 7 |a popol  |2 stusub 
650 7 |a popolček  |2 stusub 
700 1 |a Floreková, Ľubica  |4 aut 
700 1 |a Benková, Marta  |4 aut 
996 |b 284M069584  |c M*S-1436-1  |l MMST  |s A  |a 24  |w stu179020_0001